Statistics for Flags of Separatist Movements in North America

Click here to take the quiz!

General Stats

  • This quiz has been taken 10 times
    (4 since last reset)
  • The average score is 18 of 35

Answer Stats

Answer% Correct
Cascadia
100%
Alaska
75%
Alberta
75%
California
75%
Conch Republic
75%
Greenland
75%
New Hampshire
75%
Puerto Rico
75%
Quebec
75%
Texas
75%
Vermont
75%
Aruba
50%
Barbuda
50%
Bermuda
50%
British Columbia
50%
Guadeloupe
50%
Lakotah
50%
Martinique
50%
Nevis
50%
New Afrika
50%
New England
50%
Newfoundland and Labrador
50%
Northwest Territorial Imperative
50%
Nova Scotia
50%
Saint Martin
50%
Saskatchewan
50%
Abaco
25%
Chiapas
25%
Curacao
25%
Gonave Island
25%
Guna Yala
25%
Moskitia
25%
South USA
25%
Tobago
25%
Western Canada
25%

Score Distribution

Percentile by Number Answered

Percent of People with Each Score

Your Score History

You have not taken this quiz since the last reset